Political dimensions of South Asian cooperation / (Record no. 16369)

000 -LEADER
fixed length control field 01136nam a2200313 a 4500
001 - CONTROL NUMBER
control field 2028568
005 - DATE AND TIME OF LATEST TRANSACTION
control field 20170105102938.0
008 - FIXED-LENGTH DATA ELEMENTS--GENERAL INFORMATION
fixed length control field 920117s1991 ii b 000 0 eng
010 ## - LIBRARY OF CONGRESS CONTROL NUMBER
LC control number 91906759
020 ## - INTERNATIONAL STANDARD BOOK NUMBER
International Standard Book Number 0333926498 :
Terms of availability Rs195.00
025 ## - OVERSEAS ACQUISITION NUMBER
Overseas acquisition number I-E-66261
040 ## - CATALOGING SOURCE
Original cataloging agency DLC
Transcribing agency DLC
Modifying agency DLC
043 ## - GEOGRAPHIC AREA CODE
Geographic area code az-----
050 00 - LIBRARY OF CONGRESS CALL NUMBER
Classification number DS341
Item number .P64 1991
082 ## - DEWEY DECIMAL CLASSIFICATION NUMBER
Classification number 320.954
Author Mark POL 1991
245 00 - TITLE STATEMENT
Title Political dimensions of South Asian cooperation /
Statement of responsibility, etc. with an overview by Bimal Prasad ; edited by V. Kanesalingam.
260 ## - PUBLICATION, DISTRIBUTION, ETC.
Place of publication, distribution, etc. New Delhi :
Name of publisher, distributor, etc. Macmillan India,
Date of publication, distribution, etc. 1991.
300 ## - PHYSICAL DESCRIPTION
Extent ix, 226 p. ;
Dimensions 22 cm.
500 ## - GENERAL NOTE
General note "Committee on Studies for Cooperation in Development in South Asia."
500 ## - GENERAL NOTE
General note Contributed articles.
504 ## - BIBLIOGRAPHY, ETC. NOTE
Bibliography, etc. note Includes bibliographical references.
650 #0 - SUBJECT ADDED ENTRY--TOPICAL TERM
Topical term or geographic name entry element South Asian cooperation.
651 #0 - SUBJECT ADDED ENTRY--GEOGRAPHIC NAME
Geographic name South Asia
General subdivision Politics and government.
700 1# - ADDED ENTRY--PERSONAL NAME
Personal name Kanesalingam, V.,
Dates associated with a name 1916-
710 2# - ADDED ENTRY--CORPORATE NAME
Corporate name or jurisdiction name as entry element Committee on Studies for Cooperation in Development in South Asia.
906 ## - LOCAL DATA ELEMENT F, LDF (RLIN)
a 7
b cbc
c orignew
d 3
e ncip
f 19
g y-gencatlg
942 ## - ADDED ENTRY ELEMENTS (KOHA)
Source of classification or shelving scheme
Koha item type Book
Holdings
Withdrawn status Lost status Damaged status Not for loan Collection code Permanent Location Current Location Shelving location Date acquired Total Checkouts Full call number Barcode Date last seen Price effective from Koha item type
          Centre for International Peace & Stability (CIPS) Centre for International Peace & Stability (CIPS) General Stacks 04/07/2016   320.954 POL 1991 CIPSD0000421 04/07/2016 04/07/2016 Book
© 2023 Central Library, National University of Sciences and Technology. All Rights Reserved.